| 000 | 00387nam a2200157Ia 4500 | ||
|---|---|---|---|
| 008 | 210716s2005 xx 000 0 und d | ||
| 020 | _a8187125934 | ||
| 041 | _aeng | ||
| 082 | _a330 JHIM | ||
| 100 | _aJhingan, M L. | ||
| 245 | _aPrinciples of economics. | ||
| 250 | _a1 | ||
| 260 |
_aNew Delhi _bVrinda Publications Pvt Ltd _c2005 |
||
| 300 | _axvi,960 | ||
| 650 | _aEconomics(330) | ||
| 999 |
_c199477 _d199477 |
||